Key facts key cases : (Record no. 114141)

MARC details
000 -LEADER
campo de control de longitud fija 01496 a2200313 4500
003 - IDENTIFICADOR DE NÚMERO DE CONTROL
campo de control BJBSDDR
005 - FECHA Y HORA DE LA ÚLTIMA TRANSACCIÓN
campo de control 20230411090640.0
007 - CAMPO FIJO DE DESCRIPCIÓN FÍSICA--INFORMACIÓN GENERAL
campo de control de longitud fija ta
008 - DATOS DE LONGITUD FIJA--INFORMACIÓN GENERAL
campo de control de longitud fija 200317s2014 enk||||| |||| 00| 0 eng d
020 ## - NÚMERO INTERNACIONAL ESTÁNDAR DEL LIBRO
Número Internacional Estándar del Libro 9780415833288
020 ## - NÚMERO INTERNACIONAL ESTÁNDAR DEL LIBRO
Número Internacional Estándar del Libro 0415833280
040 ## - FUENTE DE CATALOGACIÓN
Lengua de catalogación spa
Centro/agencia transcriptor BJBSDDR
041 ## - CÓDIGO DE IDIOMA
Código de lengua del texto/banda sonora o título independiente eng
050 14 - SIGNATURA TOPOGRÁFICA DE LA BIBLIOTECA DEL CONGRESO
Número de clasificación KJE 947
Número de ítem T945k 2014
082 00 - NÚMERO DE LA CLASIFICACIÓN DECIMAL DEWEY
Número de clasificación 340.94
100 1# - ENTRADA PRINCIPAL--NOMBRE DE PERSONA
Nombre de persona Turner, Chris
245 10 - MENCIÓN DEL TÍTULO
Título Key facts key cases :
Resto del título EU law /
Mención de responsabilidad, etc. Chris Turner
246 3# - FORMA VARIANTE DEL TITULO
Título propio/Titulo breve EU law
246 3# - FORMA VARIANTE DEL TITULO
Título propio/Titulo breve European Union law
260 ## - PUBLICACIÓN, DISTRIBUCIÓN, ETC.
Lugar de publicación, distribución, etc. Abingdon, Oxon ;
-- New York, NY :
Nombre del editor, distribuidor, etc. Routledge,
Fecha de publicación, distribución, etc. 2014.
300 ## - DESCRIPCIÓN FÍSICA
Extensión xxvi, 253 pages :
Otras características físicas illustrations ;
Dimensiones 22 cm.
440 #0 - MENCIÓN DE SERIE/PUNTO DE ACCESO ADICIONAL--TÍTULO
Título Key facts key cases
505 ## - NOTA DE CONTENIDO CON FORMATO
Nota de contenido con formato The constitution and character of EU law --<br/>The institutions of the European Union --<br/>The sources of European law --<br/>Enforcement of EU law --<br/>The relationship between EU law and national law --<br/>Introduction to the law of the internal market --<br/>Art 34 and art 35 and the free movement of goods --<br/>Art 30 and customs tariffs, and art 110 and discriminatory taxation --<br/>Art 45 and the free movement of workers --<br/>Art 49 and freedom of establishment; art 56, and the right to provide services --<br/>EU competition law --<br/>Art 157 and anti-discrimination law --<br/>The social dimension.
650 #4 - PUNTO DE ACCESO ADICIONAL DE MATERIA--TÉRMINO DE MATERIA
9 (RLIN) 156
Término de materia o nombre geográfico como elemento de entrada Derecho
Subdivisión geográfica Países de la Unión Europea
650 #4 - PUNTO DE ACCESO ADICIONAL DE MATERIA--TÉRMINO DE MATERIA
9 (RLIN) 15660
Término de materia o nombre geográfico como elemento de entrada Derecho internacional y municipal
Subdivisión geográfica Países de la Unión Europea
651 #4 - PUNTO DE ACCESO ADICIONAL DE MATERIA--NOMBRE GEOGRÁFICO
9 (RLIN) 12858
Nombre geográfico Países de la Unión Europea
942 ## - ELEMENTOS DE ENTRADA SECUNDARIOS (KOHA)
Fuente del sistema de clasificación o colocación Clasificación de Library of Congress
Tipo de ítem Koha Libro
946 ## - PROCESAMIENTO DE INFORMACIÓN LOCAL (OCLC)
Iniciales del agente catalogador dpf
Holdings
Estatus retirado Estado de pérdida Estado de daño No para préstamo Colección Biblioteca de origen Biblioteca actual Ubicación en estantería Fecha de adquisición Signatura topográfica completa Código de barras Visto por última vez Copia número Tipo de ítem Koha
        Ciencias Sociales Biblioteca Juan Bosch Biblioteca Juan Bosch Ciencias Sociales (3er. Piso) 17/03/2020 KJE 947 T945k 2014 00000143096 17/03/2020 1 Libro